Comparative Indo-European linguistics : an introduction
Αποθηκεύτηκε σε:
| Κύριος συγγραφέας: | |
|---|---|
| Μορφή: | Βιβλίο |
| Γλώσσα: | English German |
| Δημοσίευση: |
Amsterdam :
John Benjamins,
1995.
|
| Θέματα: | |
| Ετικέτες: |
Προσθήκη ετικέτας
Δεν υπάρχουν, Καταχωρήστε ετικέτα πρώτοι!
|
MARC
| LEADER | 00000cam a2200000 i 4500 | ||
|---|---|---|---|
| 001 | 1/92158 | ||
| 008 | 991111s1995 ne | ||| |||| ||eng|| | ||
| 020 | |a 9027221510 | ||
| 020 | |a 9027221502 | ||
| 035 | |l 10053930 | ||
| 040 | |a GR-MyUa |b gre |e AACR2 | ||
| 041 | 1 | |a eng |h ger | |
| 082 | 7 | |a 415 |2 (22) | |
| 100 | 1 | |a Beekes, R. S. P. |q (Robert Stephen Paul) | |
| 245 | 1 | 0 | |a Comparative Indo-European linguistics : |b an introduction / |c Robert S. P. Beekes. |
| 260 | |a Amsterdam : |b John Benjamins, |c 1995. | ||
| 300 | |a xxii, 376 σ. : |b εικ., χαρτ. ; |c 23 εκ. | ||
| 500 | |a Τίτλος πρωτοτύπου: Vergelijkende taalwetenschap. Een inleiding in de vergelijkende Indo-europese taalwetenschap. | ||
| 504 | |a Περιέχει βιβλιογραφικές παραπομπές (σ. [284]-300) και ευρετήριο. | ||
| 650 | 0 | |a Indo-European languages |x Grammar, Comparative. | |
| 650 | 0 | |a Comparative linguistics. | |
| 650 | 0 | |a Historical linguistics. | |
| 767 | 0 | 8 | |i Μεταφρασμένο ως: |t Εισαγωγή στη συγκριτική ινδοευρωπαϊκή γλωσσολογία / |
| 852 | |a INST |b LESVOS |e 19991111 |h 415 BEE |p 005100022858 |q 005100022858 |t BK |y 0 | ||
| 852 | |a INST |b RHODES |e 20020927 |h 415 BEE |p 005400016154 |q 005400016154 |t BK |y 0 | ||
| 901 | |a BIBL1-1999-3 | ||
| 901 | |a BIBL4-2002-3 | ||
| 922 | |a 4ΕΛΗ |b 200209 |c ΚΠΣ/124 | ||
| 950 | |a 124-2002-03-12 | ||
| 970 | |a Καμάτσου |b Δέσποινα |z 1999/11/11 | ||